MARC details
| 000 -LEADER |
| fixed length control field |
01924cam a2200517 a 4500 |
| 001 - CONTROL NUMBER |
| control field |
21464 |
| 003 - CONTROL NUMBER IDENTIFIER |
| control field |
VRT |
| 005 - DATE AND TIME OF LATEST TRANSACTION |
| control field |
20260302130204.0 |
| 008 - FIXED-LENGTH DATA ELEMENTS--GENERAL INFORMATION |
| fixed length control field |
240315s2011 xo a b 000 f slo |
| 015 ## - NATIONAL BIBLIOGRAPHY NUMBER |
| National bibliography number |
SNBA2012/08-04784 |
| 020 ## - INTERNATIONAL STANDARD BOOK NUMBER |
| International Standard Book Number |
9788089379705 |
| Qualifying information |
( viaz.) |
| 035 ## - SYSTEM CONTROL NUMBER |
| System control number |
89C3ADE1-0C77-459D-BAD7-F01092B9C765 |
| 035 ## - SYSTEM CONTROL NUMBER |
| System control number |
urn:nbn:sk:snk-amkbdf |
| 035 ## - SYSTEM CONTROL NUMBER |
| System control number |
urn:nbn:sk:snk-am008bcc |
| 039 #9 - LEVEL OF BIBLIOGRAPHIC CONTROL AND CODING DETAIL [OBSOLETE] |
| Level of rules in bibliographic description |
202403151740 |
| Level of effort used to assign nonsubject heading access points |
VLOAD |
| Level of effort used to assign subject headings |
201602082141 |
| Level of effort used to assign classification |
VLOAD |
| Level of effort used to assign subject headings |
201507071650 |
| Level of effort used to assign classification |
VLOAD |
| Level of effort used to assign subject headings |
201401141317 |
| Level of effort used to assign classification |
mbpksh01 |
| 040 ## - CATALOGING SOURCE |
| Original cataloging agency |
POKPOH |
| Language of cataloging |
slo |
| Transcribing agency |
POKPOH |
| Modifying agency |
SNK |
| Description conventions |
AACR2 |
| 041 1# - LANGUAGE CODE |
| Language code of text/sound track or separate title |
slo |
| Language code of original |
spa |
| 044 ## - COUNTRY OF PUBLISHING/PRODUCING ENTITY CODE |
| MARC country code |
xo |
| ISO country code |
SK |
| 072 #7 - SUBJECT CATEGORY CODE |
| Subject category code |
821-93 |
| Subject category code subdivision |
Literatúra pre deti a mládež (beletria) |
| Source |
konspekt |
| 080 ## - UNIVERSAL DECIMAL CLASSIFICATION NUMBER |
| Universal Decimal Classification number |
821-342 |
| Edition identifier |
2001 |
| 080 ## - UNIVERSAL DECIMAL CLASSIFICATION NUMBER |
| Universal Decimal Classification number |
821-93 |
| Edition identifier |
2001 |
| 100 1# - MAIN ENTRY--PERSONAL NAME |
| Personal name |
Pires, Andrea |
| Relationship |
aut |
| 240 10 - UNIFORM TITLE |
| Uniform title |
Selección dorada II - Fábulas |
| Language of a work |
Slovensky |
| 245 10 - TITLE STATEMENT |
| Title |
Zlatý výber |
| Remainder of title |
bájky 2 |
| -- |
[antológia nesmrteľných klasických bájok |
| Statement of responsibility, etc. |
úprava bájok: Andrea Piresová a Equipo Editorial ; ilustrácie: Omar Francia ; preklad Radovan Al Zafari] |
| 246 30 - VARYING FORM OF TITLE |
| Title proper/short title |
Bájky 2 |
| 250 ## - EDITION STATEMENT |
| Edition statement |
1. vyd. |
| 260 ## - PUBLICATION, DISTRIBUTION, ETC. |
| Place of publication, distribution, etc. |
Bratislava |
| Name of publisher, distributor, etc. |
Fortuna Libri |
| Date of publication, distribution, etc. |
2011 |
| 300 ## - PHYSICAL DESCRIPTION |
| Extent |
64 s. |
| Other physical details |
fareb. ilustr. |
| Dimensions |
35 cm |
| 490 1# - SERIES STATEMENT |
| Series statement |
Fortuna Junior |
| 500 ## - GENERAL NOTE |
| General note |
Pravdepodobne preložené zo špan. |
| 655 #7 - INDEX TERM--GENRE/FORM |
| Genre/form data or focus term |
bájky |
| Source of term |
SNKPH |
| 655 #7 - INDEX TERM--GENRE/FORM |
| Genre/form data or focus term |
publikácie pre deti |
| Source of term |
SNKPH |
| 655 #7 - INDEX TERM--GENRE/FORM |
| Genre/form data or focus term |
Fables |
| Source of term |
SNKPHeng |
| 655 #7 - INDEX TERM--GENRE/FORM |
| Genre/form data or focus term |
Children's literature |
| Source of term |
SNKPHeng |
| 700 1# - ADDED ENTRY--PERSONAL NAME |
| Personal name |
Francia, Omar |
| Relationship |
ill |
| 700 1# - ADDED ENTRY--PERSONAL NAME |
| Personal name |
Al Zafari, Radovan |
| Relationship |
trl |
| 830 #0 - SERIES ADDED ENTRY--UNIFORM TITLE |
| Uniform title |
Fortuna Junior |
| 942 ## - ADDED ENTRY ELEMENTS (KOHA) |
| Source of classification or shelving scheme |
Dewey Decimal Classification |
| Koha item type |
Krásna literatúra pre deti |
| Suppress in OPAC |
No |
| 949 ## - LOCAL PROCESSING INFORMATION (OCLC) |
| 6 |
17A1048404 |
| a |
snkSB 83407/2 D1 |
| b |
snk2012/17085 |
| o |
1063/12 |
| 949 ## - LOCAL PROCESSING INFORMATION (OCLC) |
| 6 |
270001000398323 |
| a |
svkbbD 1303-2 |
| b |
svkbbm 726662 |
| 949 ## - LOCAL PROCESSING INFORMATION (OCLC) |
| 6 |
3869A13545 |
| a |
bpksh821-342:821-93 |
| b |
bpksh63354 |
| 949 ## - LOCAL PROCESSING INFORMATION (OCLC) |
| 6 |
17A1048405 |
| a |
snkSB 83407/2 |
| b |
snk2012/17084 |
| o |
1063/12 |
| s |
6100:20140925 |
| 949 ## - LOCAL PROCESSING INFORMATION (OCLC) |
| 6 |
2889186997 |
| a |
savukPV 16680 |
| b |
savuk2012/3383 |
| 949 ## - LOCAL PROCESSING INFORMATION (OCLC) |
| 6 |
273K0552278 |
| a |
svkpoD 2975 |
| b |
svkpo556574 |
| 980 ## - EQUIVALENCE OR CROSS-REFERENCE-SERIES STATEMENT--PERSONAL NAME/TITLE [LOCAL, CANADA] |
| Personal name |
821-342 |